| 000 | 00369nam a22001217a 4500 | ||
|---|---|---|---|
| 082 | _a220 PRO | ||
| 100 |
_aABDULLAH,MUBASHAR,HAIDER _971902 |
||
| 245 | _aPR-SOF-1379-DESIGN AND DEVELOPMENT OF SOLAR AIR DRYER FOR MEDICINAL AND AROMATIC PLANTS | ||
| 260 |
_aISLAMABAD _bNUST COLLEGE OF EME _c2014 |
||
| 650 | _aDE-MECH-32 | ||
| 700 |
_aAHMED SOHAIL _919076 |
||
| 942 | _cCR | ||
| 999 |
_c578171 _d578171 |
||